[Event "ch-RUS Blitz Women 2017"]
[Site "Sochi RUS"]
[Date "2017.10.02"]
[Round "12.4"]
[White "Vasilevich, Tatjana"]
[Black "Nechaeva, Marina"]
[Result "1-0"]
[WhiteTitle "IM"]
[BlackTitle "IM"]
[WhiteElo "2360"]
[BlackElo "2431"]
[WhiteFideId "14101610"]
[BlackFideId "4149351"]
[EventDate "2017.10.02"]
[EventType "blitz"]

1. c4 c6 2. Nf3 d5 3. g3 Nf6 4. Bg2 Bg4 5. O-O e6 6. Qc2 Nbd7 7. b3 Bd6 8. Bb2
O-O 9. d3 Re8 10. e4 dxe4 11. dxe4 e5 12. Nbd2 Bc5 13. Rfe1 a5 14. Nf1 Bxf3 15.
Bxf3 Bd4 16. Bxd4 exd4 17. Bg2 c5 18. f4 Qc7 19. e5 Ng4 20. h3 Nh6 21. Nd2 Ra6
22. g4 Kh8 23. Ne4 Ra7 24. Nd6 Rf8 25. g5 Ng8 26. Be4 g6 27. Qg2 Qd8 28. Nxb7
Qb6 29. Nd6 a4 30. Rab1 axb3 31. Rxb3 Qa5 32. Re2 Ne7 33. Kh2 Kg8 34. Bd5 Nxd5
35. Qxd5 Nb6 36. Qc6 Ra6 37. Rb5 Qc3 38. Rxb6 Rxb6 39. Qxb6 d3 40. Rg2 Qd4 41.
Kg3 Qe3+ 42. Kg4 d2 43. Qb3 Ra8 1-0

[Event "ch-RUS Blitz Women 2017"]
[Site "Sochi RUS"]
[Date "2017.10.02"]
[Round "12.5"]
[White "Bezgodova, Svetlana"]
[Black "Ubiennykh, Ekaterina"]
[Result "0-1"]
[WhiteTitle "WIM"]
[BlackTitle "WIM"]
[WhiteElo "2060"]
[BlackElo "2308"]
[WhiteFideId "4110650"]
[BlackFideId "4137582"]
[EventDate "2017.10.02"]
[EventType "blitz"]

1. Nf3 d5 2. g3 c6 3. Bg2 Bf5 4. O-O Nd7 5. d3 e5 6. Nbd2 h6 7. e4 dxe4 8. dxe4
Be6 9. b3 Ngf6 10. Bb2 Qc7 11. Re1 b5 12. a4 Rb8 13. Nh4 Bc5 14. Nf5 O-O 15. Qf3
Kh7 16. Bf1 g6 17. Ne3 Bd4 18. c3 Bc5 19. b4 Be7 20. axb5 cxb5 21. Ra5 Rfd8 22.
Rea1 Nb6 23. Rxa7 Rb7 24. Rxb7 Qxb7 25. Rd1 Na4 26. Ba1 Qc6 27. Nd5 Nxd5 28.
exd5 Bxd5 29. Qe2 Nxc3 30. Qxe5 Bf6 31. Qf4 Nxd1 32. Bxf6 Re8 33. Ba1 Nc3 34.
Qd4 Rc8 35. h4 Be6 36. Bg2 Qc7 37. Ne4 Ne2+ 38. Kh2 Nxd4 39. Bxd4 Qc2 40. Nf6+
Kg7 41. Nh5+ Kf8 42. Nf4 Rc4 43. Be3 Rxb4 44. Nxe6+ fxe6 45. Bxh6+ Kf7 46. Be3
Rb2 47. Kh3 Qf5+ 48. Kh2 Rxf2 49. Bxf2 Qxf2 50. Kh3 e5 51. Bd5+ Ke7 52. Be4 Kf6
53. Bg2 b4 0-1

[Event "ch-RUS Blitz Women 2017"]
[Site "Sochi RUS"]
[Date "2017.10.02"]
[Round "12.6"]
[White "Kabanova, Ekaterina"]
[Black "Girya, Olga"]
[Result "0-1"]
[WhiteTitle "WFM"]
[BlackTitle "WGM"]
[WhiteElo "2205"]
[BlackElo "2505"]
[WhiteFideId "24112917"]
[BlackFideId "4195752"]
[EventDate "2017.10.02"]
[EventType "blitz"]

1. c4 c6 2. e3 d5 3. Qc2 Nf6 4. Nf3 Bg4 5. Be2 e6 6. a3 Nbd7 7. h3 Bxf3 8. Bxf3
Ne5 9. Be2 dxc4 10. Bxc4 Nxc4 11. Qxc4 Qd5 12. Qxd5 cxd5 13. b4 Rc8 14. Ke2 Ne4
15. Bb2 Be7 16. Nc3 Nd6 17. d3 Bf6 18. Rhc1 Kd7 19. Kd2 Rc6 20. Na4 Bxb2 21.
Nxb2 Rxc1 22. Rxc1 h5 23. a4 h4 24. Rh1 Rh5 25. g4 hxg3 26. fxg3 g5 27. Ke2 Nf5
28. g4 Rh4 29. gxf5 exf5 30. d4 f4 31. exf4 Rxf4 32. Ke3 Re4+ 33. Kd3 Rh4 34.
Nd1 g4 35. Nf2 g3 36. Nd1 f5 37. Ke3 g2 38. Rg1 Rxh3+ 39. Kf2 Rd3 40. Ne3 Rxd4
41. Rxg2 Rxb4 42. Nxf5 0-1

[Event "ch-RUS Blitz Women 2017"]
[Site "Sochi RUS"]
[Date "2017.10.02"]
[Round "12.7"]
[White "Bivol, Alina"]
[Black "Nebolsina, Vera"]
[Result "1-0"]
[WhiteTitle "WGM"]
[BlackTitle "WGM"]
[WhiteElo "2356"]
[BlackElo "2220"]
[WhiteFideId "4100123"]
[BlackFideId "4163591"]
[EventDate "2017.10.02"]
[EventType "blitz"]

1. Nf3 Nf6 2. g3 g6 3. d4 Bg7 4. Bg2 O-O 5. O-O d6 6. Nc3 Nbd7 7. e4 e5 8. Re1
h6 9. h3 c6 10. a4 Re8 11. a5 Qc7 12. Be3 Nf8 13. Qd2 Kh7 14. Red1 Ne6 15. d5
cxd5 16. exd5 Nc5 17. Nb5 Qd7 18. Bxc5 dxc5 19. c4 e4 20. Ne1 a6 21. Nc3 Qf5 22.
Nc2 Qh5 23. h4 Bg4 24. Re1 Bf3 25. Ne3 Bxg2 26. Nxg2 Qg4 27. Rad1 Rad8 28. d6
Re6 29. Nf4 Rexd6 30. Qxd6 Rxd6 31. Rxd6 g5 32. hxg5 hxg5 33. Ng2 Qf3 34. Re3
Qf5 35. Re2 Qf3 36. Red2 Ng4 37. Ne1 Qf5 38. R6d5 Qe6 39. Ng2 Bd4 40. Rxg5 Bxf2+
41. Rxf2 Nxf2 42. Rh5+ Kg7 43. Kxf2 Qg4 44. Nf4 Qf3+ 45. Kg1 Qxg3+ 46. Ng2 Qf3
47. Re5 f5 48. Re7+ Kf6 49. Nd5+ Kg5 50. Rg7+ Kh6 51. Rf7 Qd1+ 52. Kf2 Qd2+ 53.
Kf1 Qd1+ 54. Ne1 Qd2 55. Rxf5 e3 56. Rf3 e2+ 57. Kf2 Qxb2 58. Rh3+ Kg7 59. Re3
Kf7 60. Rxe2 Qb3 61. Ne3 Qb4 62. Nf3 Qxa5 63. Ne5+ Kg7 64. Nf5+ Kf6 65. Nd6 Qb4
66. Nd7+ Kg6 67. Re6+ Kg5 68. Re5+ Kf4 69. Rf5+ Kg4 70. Nf6+ 1-0

[Event "ch-RUS Blitz Women 2017"]
[Site "Sochi RUS"]
[Date "2017.10.02"]
[Round "12.8"]
[White "Bykova, Anastasia"]
[Black "Kashlinskaya, Alina"]
[Result "0-1"]
[WhiteTitle "WFM"]
[BlackTitle "IM"]
[WhiteElo "2234"]
[BlackElo "2455"]
[WhiteFideId "4164970"]
[BlackFideId "4198026"]
[EventDate "2017.10.02"]
[EventType "blitz"]

1. d4 Nf6 2. Nf3 g6 3. g3 Bg7 4. Bg2 c5 5. dxc5 Qa5+ 6. Bd2 Qxc5 7. Bc3 O-O 8.
O-O Nc6 9. Nbd2 d5 10. Nb3 Qd6 11. Nbd4 Bd7 12. Nxc6 Bxc6 13. Be5 Qe6 14. Qd4 h6
15. a3 a6 16. Rfd1 Rac8 17. c3 Bb5 18. Re1 Rc4 19. Qd1 Rd8 20. a4 Be8 21. Qb3
Bc6 22. Bd4 Nd7 23. a5 Nc5 24. Qd1 Ba4 25. Qb1 Nb3 26. Bb6 Nxa1 27. Bxd8 Nc2 28.
Rc1 Qxe2 29. Bf1 Qxf3 30. Bxc4 dxc4 31. Rxc2 Bc6 0-1

[Event "ch-RUS Blitz Women 2017"]
[Site "Sochi RUS"]
[Date "2017.10.02"]
[Round "12.9"]
[White "Sukhareva, Evgeniya"]
[Black "Kovanova, Baira"]
[Result "1-0"]
[BlackTitle "WGM"]
[WhiteElo "2207"]
[BlackElo "2371"]
[WhiteFideId "4167155"]
[BlackFideId "4164083"]
[EventDate "2017.10.02"]
[EventType "blitz"]

1. d4 Nf6 2. c4 e6 3. Nc3 Bb4 4. Qc2 O-O 5. e4 d5 6. e5 Ne4 7. Bd3 c5 8. Nf3 Nc6
9. a3 Bxc3+ 10. bxc3 cxd4 11. cxd4 Qa5+ 12. Kf1 f5 13. g3 Bd7 14. Kg2 Rac8 15.
Qb3 dxc4 16. Bxc4 Nd8 17. d5 Nc5 18. Qa2 b5 19. dxe6 Ndxe6 20. Bd5 Kh8 21. Bd2
Qb6 22. Be3 Qa6 23. Nd4 f4 24. Nxe6 Bxe6 25. Bxc5 f3+ 26. Kg1 Rxc5 27. Bxe6 Rfc8
28. Bxc8 Qxc8 29. h3 Rxe5 30. Rf1 Qg4 31. Qf7 h6 32. Kh2 Re2 33. Qf8+ Kh7 34.
Qf4 Qh5 35. Qd4 a6 36. Re1 Qf5 37. Rhf1 Rc2 38. Rd1 Rc7 39. Qd3 1-0

[Event "ch-RUS Blitz Women 2017"]
[Site "Sochi RUS"]
[Date "2017.10.02"]
[Round "12.10"]
[White "Travkina, Anastasia"]
[Black "Gritsayeva, Oksana"]
[Result "1-0"]
[WhiteTitle "WFM"]
[BlackTitle "WFM"]
[WhiteElo "2221"]
[BlackElo "2373"]
[WhiteFideId "24129151"]
[BlackFideId "14104652"]
[EventDate "2017.10.02"]
[EventType "blitz"]

1. e4 g6 2. d4 Bg7 3. Nc3 c6 4. h3 d5 5. e5 Nh6 6. Bf4 f6 7. Qd2 Nf7 8. Nf3 O-O
9. O-O-O b5 10. Kb1 Na6 11. Re1 Nc7 12. g4 a5 13. h4 Bxg4 14. Be2 a4 15. Nh2 Bf5
16. Bg4 b4 17. Ne2 Bxg4 18. Nxg4 Ne6 19. exf6 exf6 20. h5 g5 21. h6 Bh8 22. Bg3
b3 23. cxb3 axb3 24. a3 Nd6 25. Bxd6 Qxd6 26. Ng3 f5 27. Ne5 Nf4 28. Nh5 Bxe5
29. dxe5 Qc5 30. Nxf4 Qc2+ 31. Qxc2 bxc2+ 32. Kxc2 gxf4 33. Rhg1+ Kf7 34. e6+
Kf6 35. Rg7 Rae8 36. Rxh7 Rxe6 37. Rxe6+ Kxe6 38. Rc7 Kd6 39. Rg7 Rh8 40. h7 Ke6
41. a4 Kd6 42. b4 d4 43. Kd3 c5 44. bxc5+ Kxc5 45. a5 Kb5 46. Kxd4 Kxa5 47. Ke5
Kb5 48. Kxf4 Kc6 49. Kxf5 Kd6 50. Kg6 Ke6 51. Rg8 1-0

[Event "ch-RUS Blitz Women 2017"]
[Site "Sochi RUS"]
[Date "2017.10.02"]
[Round "12.11"]
[White "Semenova, Elena1"]
[Black "Styazhkina, Anna"]
[Result "1-0"]
[WhiteTitle "WIM"]
[BlackTitle "WIM"]
[WhiteElo "2256"]
[BlackElo "2301"]
[WhiteFideId "24125148"]
[BlackFideId "24119300"]
[EventDate "2017.10.02"]
[EventType "blitz"]

1. e4 e5 2. Nf3 Nc6 3. Bb5 g6 4. Nc3 Bg7 5. Bxc6 dxc6 6. d3 Ne7 7. Bg5 h6 8. Be3
O-O 9. Qd2 Kh7 10. h4 Bg4 11. Nh2 Qd7 12. f3 Be6 13. g4 b6 14. Nf1 c5 15. h5 g5
16. O-O-O Nc6 17. Ng3 Nd4 18. Qf2 f6 19. Nf5 Bxf5 20. exf5 Rfd8 21. Ne4 Qd5 22.
Kb1 Kg8 23. Rd2 Kf7 24. Rhd1 Bf8 25. c3 Nc6 26. d4 exd4 27. cxd4 c4 28. Nc3 Qa5
29. d5 Ne5 30. Bd4 Nd3 31. Rxd3 cxd3 32. Rxd3 Be7 33. Re3 Rd6 34. Re6 Rxe6 35.
fxe6+ Kg7 36. Qc2 Rg8 37. Qg6+ 1-0

[Event "ch-RUS Blitz Women 2017"]
[Site "Sochi RUS"]
[Date "2017.10.02"]
[Round "12.12"]
[White "Belenkaya, Dina"]
[Black "Charochkina, Daria"]
[Result "1-0"]
[WhiteTitle "WGM"]
[BlackTitle "IM"]
[WhiteElo "2346"]
[BlackElo "2321"]
[WhiteFideId "24142654"]
[BlackFideId "4180917"]
[EventDate "2017.10.02"]
[EventType "blitz"]

1. e4 d5 2. exd5 Qxd5 3. Nf3 Nf6 4. Be2 Nc6 5. O-O Bg4 6. h3 Bxf3 7. Bxf3 Qd7 8.
c3 O-O-O 9. d4 Kb8 10. Qb3 e6 11. Bf4 Bd6 12. Bxd6 Qxd6 13. Nd2 Nd5 14. Ne4 Qe7
15. Nc5 b6 16. c4 Nxd4 17. Na6+ Kb7 18. Bxd5+ Rxd5 19. Qd3 Rd7 20. c5 b5 21. c6+
Kxc6 22. Rac1+ Kb6 23. Nxc7 Rxc7 24. Qxd4+ Kb7 25. Qxg7 Rcc8 26. Rxc8 Rxc8 27.
Qxh7 Rc7 28. Qe4+ Kb8 29. h4 Rc5 30. Rd1 Qc7 31. Qe3 a6 32. g3 Kb7 33. Qf3+ Kb6
34. h5 a5 35. h6 f5 36. Qe3 Ka6 37. Qxe6+ Rc6 38. Qxf5 Qb6 39. h7 Rh6 40. Qc8+
Qb7 41. Rd6+ Rxd6 42. Qxb7+ Kxb7 43. h8=Q 1-0

[Event "ch-RUS Blitz Women 2017"]
[Site "Sochi RUS"]
[Date "2017.10.02"]
[Round "12.13"]
[White "Markelova, Lubov"]
[Black "Pogonina, Natalija"]
[Result "1/2-1/2"]
[WhiteTitle "WFM"]
[BlackTitle "WGM"]
[WhiteElo "2119"]
[BlackElo "2466"]
[WhiteFideId "24131369"]
[BlackFideId "4147855"]
[EventDate "2017.10.02"]
[EventType "blitz"]

1. Nf3 d5 2. d4 Nf6 3. c4 e6 4. Nc3 Nbd7 5. Bg5 h6 6. Bh4 Be7 7. cxd5 exd5 8. e3
c6 9. Bd3 Nf8 10. Qc2 Bg4 11. Ne5 Be6 12. O-O N6d7 13. Bxe7 Qxe7 14. f4 Nxe5 15.
fxe5 Nd7 16. Ne2 c5 17. Nf4 c4 18. Bf5 O-O 19. Bxe6 fxe6 20. Qg6 Rae8 21. Rf3
Qf7 22. Qg3 Qf5 23. Ng6 Qe4 24. Nxf8 Rxf8 25. Rxf8+ Nxf8 26. Rf1 Ng6 27. Qf3 Qd3
28. h3 Kh7 29. Kh2 b5 30. Rd1 Qc2 31. Rf1 b4 32. Rf2 Qd3 33. Qe2 Qe4 34. Qf3 Qd3
35. Qe2 Qe4 36. Qf3 Qd3 37. Qe2 1/2-1/2

[Event "ch-RUS Blitz Women 2017"]
[Site "Sochi RUS"]
[Date "2017.10.02"]
[Round "12.14"]
[White "Potapova, Margarita"]
[Black "Tomilova, Elena"]
[Result "1/2-1/2"]
[WhiteTitle "WFM"]
[BlackTitle "WIM"]
[WhiteElo "2163"]
[BlackElo "2307"]
[WhiteFideId "14126869"]
[BlackFideId "4162340"]
[EventDate "2017.10.02"]
[EventType "blitz"]

1. d4 d5 2. c4 c6 3. Nc3 dxc4 4. e4 b5 5. a4 b4 6. Na2 Nf6 7. e5 Nd5 8. Bxc4 e6
9. Nf3 Be7 10. O-O Bb7 11. Bd2 a5 12. Nc1 Nd7 13. Nb3 c5 14. Bb5 O-O 15. Rc1
cxd4 16. Nbxd4 Nc5 17. Nc6 Bxc6 18. Bxc6 Rc8 19. Bb5 Ne4 20. Rxc8 Qxc8 21. Nd4
Qc7 22. Nc6 Bc5 23. Qe2 Nxd2 24. Qxd2 f6 25. Qc2 Bb6 26. Qe4 f5 27. Qh4 f4 28.
Qg4 Qf7 29. Rd1 f3 30. g3 h5 31. Qh4 Qg6 32. Bd3 Qg4 33. Qxg4 hxg4 34. Be4 Kf7
35. Nd4 Bxd4 36. Rxd4 Rc8 37. h3 gxh3 38. Bxf3 Ne7 39. Rd7 Rc2 40. Ra7 h2+ 41.
Kxh2 Rxf2+ 42. Bg2 Rxb2 43. Rxa5 Nd5 44. Kh3 Ne3 45. Be4 b3 46. Ra7+ Kf8 47. Bg6
Nd5 48. Rf7+ Kg8 49. Rb7 Kf8 50. a5 Ra2 51. Rxb3 Rxa5 52. Rb7 Rc5 53. Rf7+ Kg8
54. Ra7 Kf8 55. Ra6 Ke7 56. Ra7+ Kf8 57. Ra6 Ke7 58. Ra7+ Kf8 59. Bf7 Nc7 60.
Bg6 Ke7 61. Bd3 Kd7 62. Bg6 Rxe5 63. Ra2 Rd5 64. Re2 e5 65. Bf5+ Ke7 66. Be4 Rc5
67. Bf5 Kf6 68. Be4 Ne6 69. Rf2+ Ke7 70. Bf5 Rc4 71. Re2 Rc5 72. Rf2 Ng5+ 73.
Kg2 e4 74. g4 e3 75. Re2 Re5 76. Kg3 Kf6 77. Kf4 g6 78. Bb1 Ne6+ 79. Kg3 Nd4 80.
Re1 e2 81. Kf2 Kg5 82. Bd3 Kxg4 83. Bxg6 Kf4 84. Bd3 Re3 85. Bxe2 Ke5 1/2-1/2

[Event "ch-RUS Blitz Women 2017"]
[Site "Sochi RUS"]
[Date "2017.10.02"]
[Round "12.15"]
[White "Kharmunova, Nadezhda"]
[Black "Shafigullina, Zarina"]
[Result "1-0"]
[WhiteTitle "WIM"]
[BlackTitle "WFM"]
[WhiteElo "2199"]
[BlackElo "2117"]
[WhiteFideId "4195876"]
[BlackFideId "24174220"]
[EventDate "2017.10.02"]
[EventType "blitz"]

1. Nf3 Nf6 2. g3 b6 3. Bg2 Bb7 4. O-O e6 5. c4 c5 6. Nc3 Be7 7. d4 cxd4 8. Qxd4
Nc6 9. Qd1 O-O 10. e4 Bb4 11. e5 Bxc3 12. bxc3 Ne4 13. Qd3 Nc5 14. Qe2 Qc7 15.
Rd1 Ba6 16. Bf4 Rac8 17. Nd4 Na5 18. Nb5 Qd8 19. Nd6 Rc7 20. Rd2 Na4 21. Qd1
Nxc3 22. Qc2 Nxc4 23. Qxc3 Nxd6 24. Qa3 Nc4 25. Qxa6 Nxd2 26. Bxd2 Qc8 27. Qd3
a5 28. Be4 h6 29. Rb1 Rc5 30. Rxb6 Rxe5 31. Bf4 Qc5 32. Rb7 Rh5 33. Rxd7 e5 34.
Be3 Qb4 35. Bd5 Qe1+ 36. Kg2 Qb4 37. Qg6 Rg5 38. Bxg5 hxg5 39. Rxf7 Rxf7 40.
Qxf7+ Kh7 41. Qh5# 1-0

[Event "ch-RUS Blitz Women 2017"]
[Site "Sochi RUS"]
[Date "2017.10.02"]
[Round "12.16"]
[White "Maltsevskaya, Aleksandra"]
[Black "Gubernatorova, Lyudmila"]
[Result "1-0"]
[WhiteElo "2260"]
[BlackElo "2200"]
[WhiteFideId "24174041"]
[BlackFideId "4123840"]
[EventDate "2017.10.02"]
[EventType "blitz"]

1. e4 e6 2. d4 d5 3. Nc3 Nf6 4. Bg5 Bb4 5. e5 h6 6. Bd2 Bxc3 7. bxc3 Ne4 8. Qg4
Kf8 9. Bd3 Nxd2 10. Kxd2 c5 11. Nf3 Qa5 12. h4 Nc6 13. Qf4 cxd4 14. Nxd4 Nxd4
15. Qxd4 Qc7 16. f4 Bd7 17. g4 h5 18. Rag1 b6 19. f5 Rc8 20. g5 exf5 21. g6 Qc5
22. Rg5 fxg6 23. Rxg6 Rh6 24. Rhg1 Rxg6 25. Rxg6 Be8 26. Rd6 g6 27. Rc6 1-0

[Event "ch-RUS Blitz Women 2017"]
[Site "Sochi RUS"]
[Date "2017.10.02"]
[Round "13.1"]
[White "Bodnaruk, Anastasia"]
[Black "Voit, Daria"]
[Result "0-1"]
[WhiteTitle "IM"]
[BlackTitle "FM"]
[WhiteElo "2432"]
[BlackElo "2387"]
[WhiteFideId "4181751"]
[BlackFideId "4182146"]
[EventDate "2017.10.02"]
[EventType "blitz"]

1. e4 c5 2. Nf3 d6 3. d4 cxd4 4. Nxd4 Nf6 5. Nc3 g6 6. Be3 Bg7 7. Bc4 O-O 8. f3
Nc6 9. Qd2 Bd7 10. h4 Rc8 11. Bb3 h5 12. O-O-O Ne5 13. Bg5 Rc5 14. Kb1 Re8 15.
g4 hxg4 16. h5 Nxh5 17. Rxh5 gxh5 18. Qh2 Nxf3 19. Nxf3 gxf3 20. Qxh5 Be6 21.
Bxe6 fxe6 22. Qg6 Rf8 23. Bh6 Rf7 24. Bxg7 Rxg7 25. Qxe6+ Kf8 26. Nd5 f2 27. Qh6
Rxd5 28. exd5 Qd7 29. Qh8+ Kf7 30. Qh5+ Kg8 31. Qf3 Rf7 32. Qg3+ Kf8 33. Rf1 Qf5
34. Qh2 Ke8 35. Qg2 Kd7 36. b3 Qe5 37. Qg4+ Qf5 38. Qg2 Qf3 39. Qxf3 Rxf3 40.
Kc1 Rf5 41. c4 b5 42. Kd2 bxc4 43. bxc4 Kc7 44. Ke3 Kb6 45. Ke4 Rf6 46. Kd4 Rf7
47. Rb1+ Ka5 48. Rf1 Kb4 49. Rb1+ Ka3 50. Rf1 Kxa2 51. Kc3 Rf3+ 52. Kd4 Kb2 53.
Ke4 Rf7 54. Kd3 a5 0-1

[Event "ch-RUS Blitz Women 2017"]
[Site "Sochi RUS"]
[Date "2017.10.02"]
[Round "13.2"]
[White "Drozdova, Dina"]
[Black "Goryachkina, Aleksandra"]
[Result "1/2-1/2"]
[WhiteTitle "WIM"]
[BlackTitle "WGM"]
[WhiteElo "2209"]
[BlackElo "2478"]
[WhiteFideId "4170695"]
[BlackFideId "4147103"]
[EventDate "2017.10.02"]
[EventType "blitz"]

1. d4 d5 2. c4 e6 3. Nc3 Nf6 4. Bg5 Be7 5. e3 O-O 6. cxd5 exd5 7. Bd3 c6 8. Nge2
Nbd7 9. O-O Re8 10. Qc2 Nf8 11. Bh4 g6 12. f3 Ne6 13. Bf2 b6 14. Rad1 Bb7 15.
Kh1 Rc8 16. e4 Nh5 17. g3 Rf8 18. Qd2 Bg5 19. f4 dxe4 20. Bxe4 Bf6 21. Bf3 Nhg7
22. d5 cxd5 23. Nxd5 Bxd5 24. Bxd5 Nc5 25. b4 Nce6 26. b5 Qe7 27. Bc6 Rfd8 28.
Qe3 Nf5 29. Qf3 Nfd4 30. Nxd4 Nxd4 31. Bxd4 Bxd4 32. Rfe1 Qf6 33. Kg2 Bc5 34.
Rxd8+ Rxd8 35. Re2 Kg7 36. Qe4 Rd1 37. Qe5 Qxe5 38. fxe5 Bb4 39. Kf3 Rd2 40.
Rxd2 Bxd2 41. Ke4 1/2-1/2

[Event "ch-RUS Blitz Women 2017"]
[Site "Sochi RUS"]
[Date "2017.10.02"]
[Round "13.3"]
[White "Ubiennykh, Ekaterina"]
[Black "Girya, Olga"]
[Result "1/2-1/2"]
[WhiteTitle "WIM"]
[BlackTitle "WGM"]
[WhiteElo "2308"]
[BlackElo "2505"]
[WhiteFideId "4137582"]
[BlackFideId "4195752"]
[EventDate "2017.10.02"]
[EventType "blitz"]

1. d4 d5 2. c4 e6 3. Nc3 a6 4. cxd5 exd5 5. e4 dxe4 6. Nxe4 Bb4+ 7. Nc3 Nf6 8.
Bc4 O-O 9. Ne2 b5 10. Bd3 Bb7 11. O-O Nbd7 12. Bg5 h6 13. Bh4 Bd6 14. Bg3 Bxg3
15. hxg3 c5 16. Bc2 Re8 17. Qd3 b4 18. Na4 Be4 19. Qd2 Bxc2 20. Qxc2 cxd4 21.
Nxd4 Rc8 22. Qb3 a5 23. Rad1 Qe7 24. Nf5 Qe5 25. Nd6 Qh5 26. f3 Nc5 27. Nxc5
Qxc5+ 28. Kh2 Qh5+ 29. Kg1 Qc5+ 30. Kh2 Qh5+ 31. Kg1 1/2-1/2

[Event "ch-RUS Blitz Women 2017"]
[Site "Sochi RUS"]
[Date "2017.10.02"]
[Round "13.4"]
[White "Vasilevich, Tatjana"]
[Black "Kashlinskaya, Alina"]
[Result "0-1"]
[WhiteTitle "IM"]
[BlackTitle "IM"]
[WhiteElo "2360"]
[BlackElo "2455"]
[WhiteFideId "14101610"]
[BlackFideId "4198026"]
[EventDate "2017.10.02"]
[EventType "blitz"]

1. d4 Nf6 2. c4 g6 3. Nc3 Bg7 4. e4 d6 5. f3 O-O 6. Nge2 c5 7. d5 Nbd7 8. Ng3
Ne5 9. Be2 a6 10. a4 b6 11. O-O h5 12. h3 h4 13. Nh1 Nh7 14. f4 Nd7 15. Be3 f5
16. Nf2 Qc7 17. Bd3 Ndf6 18. Qc2 Nh5 19. exf5 gxf5 20. Rfe1 Bd7 21. Qe2 N7f6 22.
Qf3 Qd8 23. Nh1 Bh6 24. Ne2 Qe8 25. Bf2 e5 26. dxe6 Bc6 27. Qe3 Qg6 28. g4 hxg3
29. Nhxg3 Ne4 30. Kh2 Kh8 31. Rg1 Nxf2 32. Qxf2 0-1

[Event "ch-RUS Blitz Women 2017"]
[Site "Sochi RUS"]
[Date "2017.10.02"]
[Round "13.5"]
[White "Sukhareva, Evgeniya"]
[Black "Nechaeva, Marina"]
[Result "0-1"]
[BlackTitle "IM"]
[WhiteElo "2207"]
[BlackElo "2431"]
[WhiteFideId "4167155"]
[BlackFideId "4149351"]
[EventDate "2017.10.02"]
[EventType "blitz"]

1. d4 d5 2. Nf3 Nf6 3. c4 c6 4. cxd5 cxd5 5. Nc3 Nc6 6. Bf4 e6 7. e3 Nh5 8. Bg5
Qb6 9. Rb1 h6 10. Bh4 g5 11. Bg3 Nxg3 12. hxg3 Bg7 13. Bd3 Bd7 14. a3 Qd8 15. b4
Rc8 16. Rc1 O-O 17. O-O g4 18. Nd2 Qg5 19. Ne2 e5 20. dxe5 Nxe5 21. Bb1 Bb5 22.
Re1 Nc4 23. Nxc4 dxc4 24. Qc2 Rfd8 25. Nf4 c3 26. Rcd1 Bc4 27. Ne2 Bxe2 28. Qxe2
h5 29. Rxd8+ Qxd8 30. Rd1 Qc7 31. Qc2 Rd8 32. Rxd8+ Qxd8 33. Qh7+ Kf8 34. Bc2
Qd2 35. Qf5 Ke7 36. Qe4+ Kf8 37. Qf5 Ke7 38. Bb3 Bf6 39. Qe4+ Kf8 40. Qxb7 Be7
41. Qc8+ Kg7 42. Qc4 Qe1+ 43. Kh2 Qxf2 44. Qxc3+ Bf6 45. Qc4 Be5 46. Kh1 Qe1+
47. Kh2 Bxg3# 0-1

[Event "ch-RUS Blitz Women 2017"]
[Site "Sochi RUS"]
[Date "2017.10.02"]
[Round "13.6"]
[White "Ambartsumova, Karina"]
[Black "Nebolsina, Vera"]
[Result "1-0"]
[WhiteTitle "WGM"]
[BlackTitle "WGM"]
[WhiteElo "2359"]
[BlackElo "2220"]
[WhiteFideId "4166299"]
[BlackFideId "4163591"]
[EventDate "2017.10.02"]
[EventType "blitz"]

1. e4 c5 2. Nf3 d6 3. d4 cxd4 4. Nxd4 Nf6 5. Nc3 a6 6. Be3 e5 7. Nb3 Be7 8. h3
Be6 9. Qf3 Nbd7 10. g4 h6 11. O-O-O Qc7 12. Nd5 Bxd5 13. exd5 O-O-O 14. Kb1 Kb8
15. c4 Rc8 16. Rc1 Nc5 17. Nxc5 dxc5 18. Bd3 Bd6 19. h4 Qe7 20. g5 hxg5 21. hxg5
Nd7 22. Qg4 Rhe8 23. Bf5 Rcd8 24. Rh7 e4 25. Bxd7 Rxd7 26. Rxg7 Be5 27. Rh7 Qd8
28. g6 Qb6 29. Rc2 Rde7 30. gxf7 Rf8 31. Qg8 Qd8 32. Qg6 Qc7 33. Bg5 Rexf7 34.
Rxf7 Qxf7 35. Qxe4 Bd4 36. Be3 Bh8 37. Qd3 b6 38. a3 Rg8 39. Ka2 Qf6 40. d6 Rd8
41. d7 Kc7 42. Rd2 Qe6 43. Bf4+ Kb7 44. Qd5+ Qxd5 45. Rxd5 Bd4 46. f3 Bf2 47.
Bg5 Rg8 48. d8=Q 1-0

[Event "ch-RUS Blitz Women 2017"]
[Site "Sochi RUS"]
[Date "2017.10.02"]
[Round "13.7"]
[White "Garifullina, Leya"]
[Black "Bivol, Alina"]
[Result "0-1"]
[WhiteTitle "WCM"]
[BlackTitle "WGM"]
[WhiteElo "1936"]
[BlackElo "2356"]
[WhiteFideId "34127035"]
[BlackFideId "4100123"]
[EventDate "2017.10.02"]
[EventType "blitz"]

1. e4 e6 2. d4 d5 3. Nc3 Bb4 4. e5 c5 5. a3 Bxc3+ 6. bxc3 Qa5 7. Bd2 Qa4 8. Qg4
Kf8 9. Qd1 b6 10. dxc5 bxc5 11. c4 Ne7 12. cxd5 exd5 13. Nf3 Ba6 14. Bxa6 Qxa6
15. Qe2 Qxe2+ 16. Kxe2 Nbc6 17. c4 d4 18. Rab1 a6 19. Rb6 f6 20. exf6 gxf6 21.
Rhb1 Kf7 22. Bf4 Rhe8 23. Kd3 Red8 24. h4 Rd7 25. h5 Raa7 26. g3 Nd8 27. Nd2 Ne6
28. Bb8 Ra8 29. Ne4 Rd8 30. g4 Nf4+ 31. Bxf4 Rg8 32. f3 Rgd8 33. Nxc5 Rac8 34.
Ne4 Nc6 35. Nd6+ Rxd6 36. Bxd6 Ke6 37. c5 Kd5 38. Rb7 Re8 39. Rxh7 Re3+ 40. Kd2
Rxf3 41. h6 Na5 42. Rd7 Nc4+ 43. Kc2 Rf2+ 44. Kd3 Rd2# 0-1

[Event "ch-RUS Blitz Women 2017"]
[Site "Sochi RUS"]
[Date "2017.10.02"]
[Round "13.8"]
[White "Travkina, Anastasia"]
[Black "Styazhkina, Anna"]
[Result "1/2-1/2"]
[WhiteTitle "WFM"]
[BlackTitle "WIM"]
[WhiteElo "2221"]
[BlackElo "2301"]
[WhiteFideId "24129151"]
[BlackFideId "24119300"]
[EventDate "2017.10.02"]
[EventType "blitz"]

1. e4 e5 2. Nf3 Nc6 3. Bc4 Bc5 4. b4 Bxb4 5. c3 Ba5 6. d4 exd4 7. O-O d6 8. cxd4
Nf6 9. Bg5 h6 10. Bxf6 Qxf6 11. e5 dxe5 12. dxe5 Qe7 13. Qe2 Bg4 14. Bb5 Qe6 15.
Nbd2 Bxd2 16. Qxd2 Bxf3 17. gxf3 O-O 18. f4 Qg6+ 19. Kh1 Rad8 20. Qe3 Nd4 21.
Rg1 Qh5 22. Bf1 Nc2 23. Qg3 g6 24. Rc1 Qf5 25. Bh3 Qe4+ 26. Bg2 Qf5 27. Bh3 Qe4+
28. Bg2 Qf5 1/2-1/2